00994nam a22002055i 4500001000700000003000900007005001700016008004100033080001100074100003000085245021700115260014700332300002100479500002700500650003700527710003600564852004100600999001900641952012800660178606ES-MaACL20230906220554.0110609s1967 sp |||| | spa d a577.151 aFoz, M. (d1929-)914700510aEstudio de la actividad glucosa-6-fosfatásica en el suero humano y en los homogeneizados de hígado de ratón / cresumen de la tesis presentada para aspirar al grado de doctor en medicina por Mario Foz Sala. aBarcelona : bUniversidad de Barcelona, Secretariado de Publicaciones, Intercambio Científico y Extensión Universitaria : bIvern, c1967. a16 p. ; c24 cm. aCub. tomada como port.04aEnzimología clínica.91470062 aUniversidad de Barcelona.97141 aES-MaACLjE-15361 (11) xOlim P-1374 c178606d178606 00104070aATENEOMbATENEOMcDEPO2d2011-06-09eDONl0oE-15361 (11)p1187616r2023-02-23 00:00:00w2023-02-23yMONOGRAFIA